000 00250nam a2200097Ia 4500
001 650231
005 20250826154355.0
008 250824s9999 xx 000 0 und d
245 0 _aSEFALET ANTİK
_cEMİNE SEMİYE
260 _bANTİK DÜNYA KLASİKLERİ
999 _c650231
_d650231